Where Is That Country Located? #1 - Statistics

General Stats
  • This quiz has been taken 37 times
  • The average score is 8 of 10
Answer Stats
Question Answer % Correct
Sri Lanka Indian Ocean
97%
Jamaica Caribbean Sea
95%
Taiwan Pacific Ocean
92%
Malta Mediterranean Sea
89%
Bahrain Persian Gulf
89%
São Tomé and Príncipe Gulf of Guinea
84%
Bahamas Atlantic Ocean
81%
Mauritius Indian Ocean
73%
Nauru Micronesia
46%
Fiji Melanesia
16%
No matching quizzes found
Score Distribution
Percent of People with Each Score
Percentile by Number Answered
Your Score History
You have not taken this quiz